MARC details
| 000 -CABECERA |
| campo de control de longitud fija |
03170nam a22002777a 4500 |
| 005 - FECHA Y HORA DE LA ÚLTIMA TRANSACCIÓN |
| campo de control |
20260324064032.0 |
| 008 - ELEMENTOS DE LONGITUD FIJA--INFORMACIÓN GENERAL |
| campo de control de longitud fija |
230925b |||||||| |||| 00| 0 spa d |
| 020 ## - NÚMERO INTERNACIONAL NORMALIZADO PARA LIBROS |
| Número Internacional Estándar del Libro |
9786074029799 |
| 040 ## - FUENTE DE LA CATALOGACIÓN |
| Centro catalogador/agencia de origen |
MX-MxUPN |
| Lengua de catalogación |
spa |
| 050 #4 - SIGNATURA TOPOGRÁFICA DE LA BIBLIOTECA DEL CONGRESO |
| Número de clasificación |
HD5715 |
| Número de documento/Ítem |
F677 2016 |
| 245 00 - MENCIÓN DE TÍTULO |
| Título |
Formación de sujetos : |
| Resto del título |
reformas, políticas y movimientos sociales |
| 250 ## - MENCIÓN DE EDICIÓN |
| Mención de edición |
Primera edición |
| 260 ## - PUBLICACIÓN, DISTRIBUCIÓN, ETC. |
| Lugar de publicación, distribución, etc. |
México, D.F. : |
| Nombre del editor, distribuidor, etc. |
Plaza y Valdés : |
| -- |
Programa de Análisis Público de Discurso e Investigación, |
| Fecha de publicación, distribución, etc. |
2016. |
| 300 ## - DESCRIPCIÓN FÍSICA |
| Extensión |
261 paginas |
| 490 0# - MENCIÓN DE SERIE |
| Mención de serie |
Colección de investigación social y análisis político de discurso ; |
| Designación de volumen o secuencia |
9 |
| 505 00 - NOTA DE CONTENIDO CON FORMATO PREESTABLECIDO |
| Título |
Lo educativo más allá de la escuela : experiencia educativa y subjetividad / |
| Mención de responsabilidad |
Daniel Saur. -- |
| Título |
Un antología histórico-discursiva del concepto formación profesional / |
| Mención de responsabilidad |
Zara Navarrete Cazales. -- |
| Título |
El significante interculturalidad : categorías analíticas frente a un breve estado de conocimiento / |
| Mención de responsabilidad |
Sergio Gerardo Málaga Villegas. -- |
| Título |
Puntos nodales en las reformas educativas : el artículo III constitucional / |
| Mención de responsabilidad |
Rosa Nidia Buenfil Burgos. -- |
| Título |
La reforma constitucional a la educación (2013) : aproximaciones al análisis / |
| Mención de responsabilidad |
Ofelia Piedad Cruz Pineda. -- |
| Título |
Debates y resoluciones del Segundo Congreso Nacional de Instrucción Pública, 1890-1891, en torno a la identidad de la educación media superior / |
| Mención de responsabilidad |
José Irving Loyola Martínez. -- |
| Título |
La formación de lauderos en México : el caso de la Escuela de Laudería / |
| Mención de responsabilidad |
Reinalda Soriano Peña. -- |
| Título |
Política educativa y hegemonización de los posgrados dirigidos al magisterio en servicio / |
| Mención de responsabilidad |
María Dolores Ávalos Lozano. -- |
| Título |
Planeación nacional ambiental en el contexto del gobierno de Enrique Peña Nieto / |
| Mención de responsabilidad |
María Joaquina Sánchez Carrasco. -- |
| Título |
Traspasos y desencuentros discursivos en la construcción narrativa de los movimientos estudiantiles en México (1960-1980) : análisis desde el género y análisis político del discurso / |
| Mención de responsabilidad |
Mónica García Contreras. -- |
| Título |
El debate por la autonomía : una aproximación a la dimensión política de la universidad / |
| Mención de responsabilidad |
Leonor González Villanueva. -- |
| Título |
Formación y subjetividad / |
| Mención de responsabilidad |
Ignacio Pineda Pineda . -- |
| Título |
Entre el análisis político de discurso y la tradición hermenéutica : comentarios a los capítulos referentes a los movimientos estudiantiles e identidad / |
| Mención de responsabilidad |
Arturo Torres Barreto |
| Título |
Reformas educativas, cambios legales y formación docente : observaciones desde la docencia universitaria / |
| Mención de responsabilidad |
María Evangelina Plomar Morales. -- |
| Título |
Políticas sociales y educativas / |
| Mención de responsabilidad |
María de los Ángeles de la Rosa Reyes. -- |
| Título |
Los dilemas del tiempo presente de la Universidad Pública en la Argentina : las huellas de la Reforma Universitaria de 1918 y de los horizontes de 1968 / |
| Mención de responsabilidad |
Sandra Carli. |
| 650 #4 - ASIENTO SECUNDARIO DE MATERIA - TERMINO TEMATICO |
| Término de materia o nombre geográfico como elemento de entrada |
Formación profesional |
| 9 (RLIN) |
9108 |
| 650 #4 - ASIENTO SECUNDARIO DE MATERIA - TERMINO TEMATICO |
| Término de materia o nombre geográfico como elemento de entrada |
Reforma educativa |
| Subdivisión geográfica |
México |
| 9 (RLIN) |
4075 |
| 650 #2 - ASIENTO SECUNDARIO DE MATERIA - TERMINO TEMATICO |
| 9 (RLIN) |
232 |
| Término de materia o nombre geográfico como elemento de entrada |
Análisis del discurso |
| 650 #2 - ASIENTO SECUNDARIO DE MATERIA - TERMINO TEMATICO |
| 9 (RLIN) |
16912 |
| Término de materia o nombre geográfico como elemento de entrada |
Movimientos estudiantiles |
| Subdivisión geográfica |
México |
| 700 ## - ASIENTO SECUNDARIO--NOMBRE DE PERSONAL |
| 9 (RLIN) |
48151 |
| Nombre de persona |
Navarrete Cazales, Zaira |
| Término indicativo de función/relación |
coordinación |
| 700 1# - ASIENTO SECUNDARIO--NOMBRE DE PERSONAL |
| 9 (RLIN) |
50153 |
| Nombre de persona |
Loyola Martínez, José Irving |
| Fechas asociadas al nombre |
coordinación |
| 902 ## - ELEMENTOS DE DATOS B LOCAL, LDB (RLIN) |
| Creó |
Daniela Badillo 25/09/23 |
| Modificó |
VíctorGodínez/051023 |
| 942 ## - ELEMENTOS DE PUNTO DE ACCESO ADICIONAL (KOHA) |
| Fuente del sistema de clasificación o colocación |
Library of Congress Classification |
| Tipo de ítem Koha |
Libro |